000 00396nam a2200133Ia 4500
008 220216s9999 xx 000 0 und d
100 _aNadarajah M
245 0 _aPrincipal factors causing discoloration of bleached crepe rubber
260 _bRubber Research Institute of Sri Lanka Bulletin
_c1983
300 _a15-17
650 _aBleached crepe rubber
650 _aDiscoloration
942 _cJS
999 _c65698
_d65698